000 00690nam a2200205Ia 4500
003 GCL
008 140319s9999 xx 000 0 ara d
040 _aGCL /
_cGCL
082 0 4 _a330.962
_bم ت
100 1 _aمجلس الشورى
245 1 0 _aتقرير لجنة الشئون المالية والاقتصادية عن التضخم والاسعار والدعم /
_cمجلس الشورى
260 _a[S.N] :
_bمطبوعات الشعب ،
_c1982
300 _a75 ص
490 _aسلسلة تقارير مجلس الشورى
_v0
650 0 4 _aمصر
650 0 4 _aالاحوال الاقتصادية
650 0 4 _aالاسعار
650 0 4 _aالتضخم
942 _2ddc
_cBK
999 _c35807
_d35807